Contra la corriente : columnas seleccionadas /
Guardat en:
| Autor principal: | |
|---|---|
| Format: | Llibre |
| Idioma: | espanyol |
| Publicat: |
Santiago, Chile :
El Mercurio : Aguilar,
2005, c2005
|
| Edició: | 2a edición |
| Matèries: | |
| Etiquetes: |
Sense etiquetes, Sigues el primer a etiquetar aquest registre!
|
MARC
| LEADER | 00000nam^a2200000^a^4500 | ||
|---|---|---|---|
| 001 | 000185880 | ||
| 005 | 20250521000000.0 | ||
| 009 | 20260310102205.765 | ||
| 020 | |a 956-239-355-0 | ||
| 037 | |a Acervo ITESO - Biblioteca | ||
| 041 | |a ESP | ||
| 082 | |a 320. 983064 |b PER | ||
| 100 | |a Pérez de Arce, Hermógenes |e (autor) | ||
| 245 | 1 | 0 | |a Contra la corriente : |b columnas seleccionadas / |c H. Pérez de Arce ; pról. de James R. Whelan. |
| 250 | |a 2a edición | ||
| 264 | 4 | |a Santiago, Chile : |b El Mercurio : |b Aguilar, |c 2005, c2005 | |
| 300 | |a 672 p. | ||
| 336 | |a texto |b txt |2 rdacontenido | ||
| 337 | |a sin mediación |b n |2 rdamedio | ||
| 338 | |a volumen |b nc |2 rdasoporte | ||
| 649 | |a XX | ||
| 650 | |a Artículos Periodísticos Chilenos | ||
| 650 | |a Columna Periodística | ||
| 650 | |a Periódicos - |z Chile | ||
| 650 | |a Prensa - |z Chile | ||
| 650 | |a Medios Impresos - |z Chile | ||
| 650 | |a Medios de Comunicación - |z Chile | ||
| 650 | |a Comunicación Masiva - |z Chile | ||
| 650 | |a Comunicación y Política - |z Chile | ||
| 650 | |a Política - |z Chile - |x Historia - |y 1973-1990 | ||
| 650 | |a Política - |z Chile - |x Historia - |y 1990-1994 | ||
| 650 | |a Política - |z Chile - |x Historia - |y 1994-2000 | ||
| 650 | |a Política - |z Chile - |x Historia - |y 2000-2006 | ||
| 650 | |a Política - |z Chile - |x Historia - |y Siglo XX | ||
| 650 | |a Chile - |x Condiciones Políticas | ||
| 910 | |a Fondo General | ||
| 920 | |a Impresos - Libros | ||
| 930 | |a Colección General | ||
| 905 | |a 101 | ||
| 901 | |a 0500127105 |b IT1 |c ACC |u 20250521 | ||
| 902 | |a https://opac.biblio.iteso.mx/vufind/Record/000185880 | ||